La otra reina = The Other Boleyn Girl /

Primer largometraje dirigido por el cineasta inglés Justin Chadwick, basado en la novela histórica La otra Bolena (2001) de su compatriota Philippa Gregory y con adaptación de Peter Morgan, quien ofrece una mirada al mundo privado de la Inglaterra de Enrique VIII, a través de las relaciones entre tr...

সম্পূর্ণ বিবরণ

সংরক্ষণ করুন:
গ্রন্থ-পঞ্জীর বিবরন
প্রধান লেখক: Chadwick, Justin (realización)
অন্যান্য লেখক: Morgan, Peter (guión) (guión), McGuigan, Kieran (fotógrafo) (fotógrafo), Powell, Sandy (vestuario) (vestuario), Knight, Paul (montaje) (montaje), Littleton, Carol (montaje) (montaje), Cantelon, Paul (música) (música), Portman, Natalie (actuación) (actuación), Johansson, Scarlett (actuación) (actuación), Bana, Eric (actuación) (actuación)
বিন্যাস: স্লাইড্
ভাষা:ইংরেজি
বিষয়গুলি:
ট্যাগগুলো: ট্যাগ যুক্ত করুন
কোনো ট্যাগ নেই, প্রথমজন হিসাবে ট্যাগ করুন!

MARC

LEADER 00000ngm^a2200000^a^4500
001 000289103
005 20250521000000.0
009 20260310111928.083
020 |a 1-4248-7263-4 
037 |a Acervo ITESO - Biblioteca 
041 |a ING 
082 |a 820.  |b CHA 
100 |a Chadwick, Justin  |e (realización) 
240 1 5 |a [Las novelas Plantagenet y Tudor] 
240 1 5 |a [Las novelas Plantagenet y Tudor. Adaptaciones] 
240 1 4 |a [La corte de los Tudor] 
240 1 4 |a [La corte de los Tudor. Adaptaciones] 
240 1 4 |a [La otra Bolena] 
240 1 4 |a [La otra Bolena. Adaptaciones] 
240 1 4 |a [La otra reina] 
245 1 3 |a La otra reina =  |b The Other Boleyn Girl /  |c Realización de J. Chadwick. 
246 2 |a Título en México: La otra reina 
246 2 |a Título alternativo en español (Argentina): La otra Bolena 
246 2 |a Título alternativo en español (Chile): La otra 
246 2 |a Título alternativo en español (España): Las hermanas Bolena 
246 2 |a Título en la pantalla: La otra reina 
246 2 |a Título en la cubierta: The Other Boleyn Girl 
264 2 |a Los Angeles, EUA :  |b Sony Pictures [distribución],  |c 2008, c2008 
300 |a 1 DVD región 1 (115 min.) :  |b color 
336 |a imagen móvil bidimensional  |b tdi  |2 rdacontenido 
337 |a video  |b v  |2 rdamedio 
338 |a videodisco  |b vd  |2 rdasoporte 
500 |a Basado en: La otra Bolena, de Philippa Gregory 
520 |a Primer largometraje dirigido por el cineasta inglés Justin Chadwick, basado en la novela histórica La otra Bolena (2001) de su compatriota Philippa Gregory y con adaptación de Peter Morgan, quien ofrece una mirada al mundo privado de la Inglaterra de Enrique VIII, a través de las relaciones entre tres figuras históricas, sobre el trasfondo de la Reforma protestante del siglo XVI: María Bolena, amante del monarca; Ana Bolena, hermana de la primera y segunda esposa de Enrique VIII, y el propio rey. 
546 |a En inglés, con subtítulos opcionales: español, inglés, francés 
546 |a Doblaje opcional: español, francés 
649 |a XX 
650 |a Reyes en el Cine 
650 |a Reyes Ingleses -  |x Biografías -  |x Adaptaciones para Cine 
650 |a Parejas y Familiares de Personajes Históricos en el Cine 
650 |a Parejas y Familiares de Personajes Históricos Ingleses -  |x Biografías -  |x Adaptaciones para Cine 
650 |a Políticos en el Cine 
650 |a Políticos Ingleses -  |x Biografías -  |x Adaptaciones para Cine 
650 |a Mujeres en el Cine 
650 |a Mujeres Inglesas -  |x Biografías -  |x Adaptaciones para Cine 
650 |a Películas Históricas 
650 |a Dramas Cinematográficos 
650 |a Opera Prima 
650 |a Cine Inglés -  |y 2000-2009 
650 |a Cine Inglés -  |y Siglo XXI 
650 |a Novela Inglesa -  |x Adaptaciones para Cine 
650 |a Literatura Inglesa -  |y Siglo XXI -  |x Adaptaciones para Cine 
650 |a Literatura y Cine 
650 |a Política y Religión -  |z Inglaterra -  |x Historia -  |y Enrique VIII, 1509-1547 
650 |a Inglaterra -  |x Historia -  |y Enrique VIII, 1509-1547 -  |x Tema Principal 
650 |a Inglaterra -  |x Historia -  |y Siglo XVI 
650 |a Inglaterra -  |x Historia -  |y Dinastía Tudor, 1485-1603 
650 |a Inglaterra -  |x Historia -  |y 1066-1603 
650 |a Inglaterra -  |x Historia -  |y Período Medieval y Renacentista, 1066-1649 
650 |a Bolena, Ana,  |c Reina de Inglaterra -  |x Tema Principal 
650 |a Bolena, María -  |x Tema Principal 
650 |a Enrique VIII,  |c Rey de Inglaterra -  |x Tema Principal 
700 |a Morgan, Peter  |e (guión) 
700 |a McGuigan, Kieran  |e (fotógrafo) 
700 |a Powell, Sandy  |e (vestuario) 
700 |a Knight, Paul  |e (montaje) 
700 |a Littleton, Carol  |e (montaje) 
700 |a Cantelon, Paul  |e (música) 
700 |a Portman, Natalie  |e (actuación) 
700 |a Johansson, Scarlett  |e (actuación) 
700 |a Bana, Eric  |e (actuación) 
910 |a Fondo General 
920 |a Audiovisuales - DVDs 
940 |a Películas 
905 |a 302 
901 |a 0500175145  |b IT2  |c DVS  |u 20250521 
902 |a https://opac.biblio.iteso.mx/vufind/Record/000289103